000 00383 a2200169 4500
001 191580
020 _a978-85-250-4969-8
040 _cMagnum
100 _aRezende, Stella Maris
240 1 0 _aA mocinha do mercado central
_lpor
245 1 0 _aA mocinha do mercado central
300 _a111
362 0 _a2011
440 1 _aGlobo
697 _aLITERATURA JUVENIL
942 _cBK
999 _c191580
_d191580